000 00404cam a22001097a 4500
008 180718b1961 xxu||||| |||| 00| 0 eng d
082 _aK615x54 In2j
245 _aReport on statistical survey of absenteeiesm pattern among colliery workers in jharia coal fields
_cby Labour Bureau, India
260 _aDelhi
_bThe Manager, Government of India Press
_c1961
300 _a64+p.
700 _aIndia. Labour Bureau
999 _c500087
_d500087